BOLETIN DE INVESTIGACION DEL MOVIMIENTO OBRERO

Kaydedildi:
Detaylı Bibliyografya
Materyal Türü: Bilinmiyor
Dil:Spanish
Baskı/Yayın Bilgisi: México : Universidad Autónoma de Puebla. Centro de Investigaciones Históricas del Movimiento Obrero
Konular:
Etiketler: Etiketle
Etiket eklenmemiş, İlk siz ekleyin!

MARC

LEADER 00000 a2200000 04500
001 19814
003
008 050601s1979 mx spa d
040 |a CRAI/IIS  |c CRAI/IIS 
020 |a [sin ISSN]  
090 |a 1001 U58b  
245 |a BOLETIN DE INVESTIGACION DEL MOVIMIENTO OBRERO  
260 |a México :   |b Universidad Autónoma de Puebla. Centro de Investigaciones Históricas del Movimiento Obrero  
650 |a MOVIMIENTO OBRERO  
650 |a SECTOR INDUSTRIAL  
650 |a SECTOR AGROPECUARIO  
650 |a POLITICA  
999 |c 16140  |d 16140